Management procesů průvodce manažera kvality

Uložené v:
Podrobná bibliografia
Hlavný autor: Fiala, Alois
Ďalší autori: Becková, Monika
Médium: Kniha
Jazyk:Czech
Vydavateľské údaje: Praha Verlag Dashöfer 2009
Vydanie:10. aktualizace
Predmet:
Tagy: Pridať tag
Žiadne tagy, Buďte prvý, kto otaguje tento záznam!

MARC

LEADER 00000nam$a2200000$$$4500
001 0097525
005 20240313133138.7
022 |a 1802-1697 
041 0 |a cze 
044 |a CZ 
245 1 0 |a Management procesů  |b průvodce manažera kvality  |c Alois Fiala, Monika Becková a kolektiv autorů 
250 |a 10. aktualizace 
264 1 |a Praha  |b Verlag Dashöfer  |c 2009 
300 |a [500] s. 
610 2 0 |a riadenie procesné 
610 2 0 |a riadenie kvality 
610 2 0 |a zdroje ľudské 
610 2 0 |a riadenie znalostí 
610 2 0 |a logistika 
610 2 0 |a plánovanie podnikové 
610 2 0 |a plánovanie výroby 
610 2 0 |a riadenie výroby 
610 2 0 |a meranie 
610 2 0 |a manažment 
610 2 0 |a dokumentácia 
610 2 0 |a systémy informačné 
610 2 0 |a marketing 
610 2 0 |a obchod 
100 1 |a Fiala, Alois 
700 1 |a Becková, Monika